mysqli: Table './ulib62015/stat_globaluid' is marked as crashed and should be repaired
select id from stat_globaluid where statuid='20260517235250_869'
mysqli: Table './ulib62015/stat_globaluid' is marked as crashed and should be repaired
DELETE FROM stat_globaluid
WHERE id NOT IN (
SELECT id
FROM (
SELECT id
FROM stat_globaluid
ORDER BY id DESC
LIMIT 100
) foo
);
mysqli: Table './ulib62015/stat_globaluid' is marked as crashed and should be repaired
insert into stat_globaluid set
statuid='20260517235250_869',
dt='1779036770',
phpself='/ULIB62015/dublinfull.php',
agent='Mozilla/5.0 AppleWebKit/537.36 (KHTML, like Gecko; compatible; ClaudeBot/1.0; +claudebot@anthropic.com)',
yea='2026',
mon='5',
dat='17',
ip='216.73.216.45'
mysqli: Table './ulib62015/stathist_viewbib_bib_type' is marked as crashed and should be repaired
insert into stathist_viewbib_bib_type set
dat='17' ,
mon='05' ,
yea='2026' ,
statuid='20260517235250_869' ,
head='13399107836' ,
foot='marc' ,
dt='1779036770'
| LEADER : 00000nam 2200000uu 4500 |
| 001 13399107836 |
| 003 ULIB |
| 008 101223s||||||||th 000 0 tha d |
| 020 0-07-100868-3
|
| 041 0 ENG
|
| 050 14 QH308.2^bP858B 1991
|
| 100 1 Postlethwait, John H.
|
| 245 10 Biology :^bbringing science to life /^cJohn H.Postlethwait, Janet L. Hopson, Ruth C. Verse
|
| 260 New York :^bMcGraw-Hill,^cc1991
|
| 300 xxiv, 614, [34] p. :^bill. (some col.), maps ;^c28 cm.
|
| 504 Includes bibliographical references and index
|
| 650 0 BIOLOGY
|
| 694 sc
|
| 700 1 Hopson, Janet L.
|
| 700 1 Veres, Ruth C.
|
| 945 ^p0^l0^i014264
|
| 945 ^p0^l0^i014265 |
| 999 ^aบรรณารักษ์
|
| คุณยังไม่ได้ล็อกอิน คุณสามารถมีกิจกรรมร่วมกับเว็บไซต์ได้ แต่ต้องล็อกอินก่อน :: |
|
|
|
| ลำดับที่ |
ประเภท |
เลขเรียก/บาร์โค้ด |
สถานที่ |
สถานะ |
| 1. |
 หนังสือ | QH308.2 P858B c.1 Barcode: 014264 | หนังสือทั่วไป | บนชั้น ขอยืม |
| 2. |
 หนังสือ | QH308.2 P858B c.2 Barcode: 014265 | หนังสือทั่วไป | บนชั้น ขอยืม |
รายการใกล้เคียง
ผู้แต่ง [Postlethwait, John H.]
หัวเรื่อง [BIOLOGY]
|
|
ยังไม่เคยถูกคอมเมนท์
|
| คอมเมนท์ทรัพยากรรายการนี้ |
|